Science Quiz

Random Science or Physics Quiz

Quark Flavors Quiz Stats

 Plays Quiz Updated Mar 5, 2019

Score 0/6 Timer 01:00
2 Plays Today
% Correct
Up
96.4%
Down
96.1%
Strange
78.1%
Charm
71.2%
Top
66.9%
Bottom
66.9%

You're not logged in!

Compare scores with friends on all Sporcle quizzes.
OR
Log In

Sporcle TV

Today on Sporcle TV


Watch our educational content, quiz creation guides, and fun videos on Sporcle TV.

Show Comments

Extras

Top Quizzes Today


Score Distribution

Your Account Isn't Verified!

In order to create a playlist on Sporcle, you need to verify the email address you used during registration. Go to your Sporcle Settings to finish the process.

Report this User

Report this user for behavior that violates our Community Guidelines.

Details: